000 00839nam2a2200217 4500
001 RU\NLR\BIBL_A\011350947
005 20250627154614.0
035 _a(NLR Aleph) 011350947
090 _a13414500
_c13414500
100 _a20170321d2005 |||y0rusy50 ca
101 0 _aalt
102 _aRU
105 _ay z 000 y
200 1 _a2005
_e№ 1
210 _d2005
_aБ. м.
215 _a125 с.
461 0 _1001RU\NLR\BIBL_A\010433150
_12001#$aЭл-Алтай$eчӱмдемел-кеендик журн.$f[ред. кӱрееси: Бедюров Б. Я. и др. ]$v№ 1
_99858819
_cГорно-Алтайск
_d2013
_f[ред. кӱрееси: Бедюров Б. Я. и др. ]
_nАлтын-Туу
_oчӱмдемел-кеендик журн.
_tЭл-Алтай
_v№ 1
852 _aNLR
_bОНЛ
_jАлт./2-854
942 _cBOOK
980 _aNB